[Event "Joao Pessoa de Assis Memorial 1st"]
[Site "Joao Pessoa"]
[Date "2019.11.16"]
[Round "4"]
[White "De Moraes, Hugo Carvalho"]
[Black "De Macedo, Luiz Soares"]
[Result "1-0"]
[WhiteElo "1236"]
[BlackElo "1521"]
[PlyCount "63"]
[EventDate "2019.11.15"]
[EventType "swiss"]
[EventRounds "6"]
[EventCountry "BRA"]
[SourceTitle "CBM 193 Extra"]
[Source "ChessBase"]
[SourceDate "2020.01.31"]
[SourceVersion "1"]
[SourceVersionDate "2020.01.31"]
[SourceQuality "1"]

1. d4 d5 2. c4 Nf6 3. Nc3 e6 4. Bg5 Be7 5. e3 Nbd7 6. Nf3 b6 7. Bd3 Bb7 8. Qc2 dxc4 9. Bxc4 Bxf3 10. gxf3 h6 11. Bh4 g5 12. Bg3 Bd6 13. Nb5 Bxg3 14. hxg3 a6 15. Nc3 b5 16. Bd3 Nb6 17. Ne4 Nfd5 18. Qc6+ Qd7 19. Qxd7+ Nxd7 20. a3 0-0-0 21. Rc1 f5 22. Nd6+ Kb8 23. Nf7 Rde8 24. Nxh8 Rxh8 25. Ke2 f4 26. Rc6 fxg3 27. fxg3 Kb7 28. Rxe6 h5 29. Be4 Nf8 30. Bxd5+ Ka7 31. Re8 Kb6 32. b4 1-0

[Event "Joao Pessoa Fischer Memorial 10th"]
[Site "Joao Pessoa"]
[Date "2019.03.29"]
[Round "1"]
[White "Lage, Pedro Ferreira"]
[Black "De Macedo, Luiz Soares"]
[Result "1-0"]
[WhiteElo "1991"]
[BlackElo "1520"]
[PlyCount "51"]
[EventDate "2019.03.29"]
[EventType "swiss"]
[EventRounds "6"]
[EventCountry "BRA"]
[SourceTitle "CBM 190 Extra"]
[Source "ChessBase"]
[SourceDate "2019.07.15"]
[SourceVersion "1"]
[SourceVersionDate "2019.07.15"]
[SourceQuality "1"]

1. Nf3 d5 2. c4 Nf6 3. cxd5 Nxd5 4. Nc3 c6 5. g3 Bf5 6. Bg2 h6 7. 0-0 Nf6 8. Re1 Nbd7 9. e4 Bg4 10. d4 e6 11. d5 Ne5 12. Bf4 Ng6 13. dxc6 bxc6 14. Qa4 Qb6 15. Be3 Qc7 16. Nd4 Ne5 17. f4 Nd3 18. Nxc6 Nd7 19. Ne5 N3xe5 20. fxe5 Qxe5 21. Rac1 a6 22. Kh1 h5 23. Bf4 Qc5 24. Nd5 Qxc1 25. Bxc1 h4 26. Nc7+ 1-0

[Event "Joao Pessoa Fischer Memorial 9th"]
[Site "Joao Pessoa"]
[Date "2018.03.17"]
[Round "4"]
[White "De Macedo, Luiz Soares"]
[Black "Da Silva, Gerson Lennon Cabra"]
[Result "0-1"]
[WhiteElo "1536"]
[BlackElo "1353"]
[PlyCount "38"]
[EventDate "2018.03.16"]
[EventType "swiss"]
[EventRounds "6"]
[EventCountry "BRA"]
[SourceTitle "CBM 183 Extra"]
[Source "ChessBase"]
[SourceDate "2018.04.19"]
[SourceVersion "1"]
[SourceVersionDate "2018.04.19"]
[SourceQuality "1"]

1. e4 c6 2. Nf3 d5 3. e5 Bf5 4. d3 h6 5. Be2 e6 6. c3 Nd7 7. d4 c5 8. 0-0 Rc8 9. Be3 c4 10. Qa4 a6 11. Nbd2 Qb6 12. Nh4 Bh7 13. b4 Qb5 14. Qd1 Ne7 15. a4 Qc6 16. f4 b5 17. a5 Nf5 18. Nxf5 Bxf5 19. Nf3 Be7 0-1

[Event "Rio Grande do Norte zt CBX"]
[Site "Natal"]
[Date "2016.04.23"]
[Round "4.13"]
[White "De Macedo, Luiz Soares"]
[Black "Ananias, Thales Rodrigo Lima"]
[Result "0-1"]
[WhiteElo "1540"]
[BlackElo "1481"]
[PlyCount "68"]
[EventDate "2016.04.22"]
[EventType "swiss"]
[EventRounds "6"]
[EventCountry "BRA"]
[SourceTitle "EXT 2022"]
[Source "ChessBase"]
[SourceDate "2021.10.06"]
[SourceVersion "1"]
[SourceVersionDate "2021.10.06"]
[SourceQuality "1"]

1. e4 c5 2. c4 g6 3. Nf3 Bg7 4. Be2 d6 5. 0-0 Nf6 6. Nc3 0-0 7. Re1 Be6 8. Nd5 Nxe4 9. Bd3 Nf6 10. Ng5 Nbd7 11. Nxe6 fxe6 12. Rxe6 Nxd5 13. cxd5 Rf6 14. Qg4 Ne5 15. Qe2 Qf8 16. Be4 Qf7 17. f4 Rxf4 18. d4 Rxe4 19. Qxe4 Rf8 20. Be3 Nc4 21. Rxe7 Qf6 22. Qe6+ Qxe6 23. Rxe6 Nxe3 24. Rxd6 Bxd4 25. Kh1 Rf5 26. Rd8+ Kg7 27. d6 Nf1 28. h3 Kh6 29. b3 Ng3+ 30. Kh2 Nf1+ 31. Rxf1 Rxf1 32. Rc8 Bf6 33. Rxc5 Rd1 34. Rc2 Be5+ 0-1

[Event "Joao Pessoa Fischer Memorial 7th"]
[Site "Joao Pessoa"]
[Date "2016.03.13"]
[Round "5"]
[White "Baltar, Petrov Ferreira"]
[Black "De Macedo, Luiz Soares"]
[Result "1-0"]
[WhiteElo "1756"]
[BlackElo "1553"]
[PlyCount "69"]
[EventDate "2016.03.11"]
[EventType "swiss"]
[EventRounds "6"]
[EventCountry "BRA"]
[SourceTitle "CBM 171 Extra"]
[Source "ChessBase"]
[SourceDate "2016.04.26"]
[SourceVersion "1"]
[SourceVersionDate "2016.04.26"]
[SourceQuality "1"]

1. d4 d5 2. Bf4 Bf5 3. e3 a6 4. Bd3 Bd7 5. a4 Nf6 6. Nc3 Nc6 7. Nf3 Bg4 8. h3 Bh5 9. g4 Bg6 10. Ne5 Bxd3 11. cxd3 Nxe5 12. dxe5 Ng8 13. Qb3 e6 14. d4 Rb8 15. Rd1 Ne7 16. e4 c6 17. Bg5 Qd7 18. Ke2 h6 19. Be3 Nc8 20. f4 Be7 21. f5 Bh4 22. fxe6 fxe6 23. exd5 cxd5 24. Rdf1 b5 25. axb5 axb5 26. Qc2 b4 27. Qg6+ Kd8 28. Rf7 Qe8 29. Nd1 Qb5+ 30. Kf3 Qe8 31. Rf1 Rb6 32. Kg2 Rg8 33. Qc2 Ne7 34. Qc5 Rb8 35. Qd6+ 1-0

[Event "Joao Pessoa Fischer Memorial 7th"]
[Site "Joao Pessoa"]
[Date "2016.03.11"]
[Round "2"]
[White "De Macedo, Luiz Soares"]
[Black "Picasso Gallego, Nicolas"]
[Result "0-1"]
[WhiteElo "1553"]
[BlackElo "1867"]
[PlyCount "76"]
[EventDate "2016.03.11"]
[EventType "swiss"]
[EventRounds "6"]
[EventCountry "BRA"]
[SourceTitle "CBM 171 Extra"]
[Source "ChessBase"]
[SourceDate "2016.04.26"]
[SourceVersion "1"]
[SourceVersionDate "2016.04.26"]
[SourceQuality "1"]

1. e4 d6 2. Nc3 Nf6 3. d4 c6 4. Nf3 g6 5. Bg5 h6 6. Bxf6 exf6 7. Bd3 Bg7 8. Qd2 0-0 9. 0-0 Re8 10. Rfe1 Na6 11. a3 Nc7 12. Bc4 d5 13. Ba2 Be6 14. h3 dxe4 15. Nh2 Bxa2 16. Nxa2 f5 17. c3 c5 18. Rad1 Qd5 19. Nc1 cxd4 20. cxd4 Ne6 21. Ne2 Red8 22. Nf1 Nxd4 23. Nxd4 Qxd4 24. Qa5 Qxd1 25. Rxd1 Rxd1 26. Qb5 b6 27. Kh2 Rad8 28. Ne3 R1d2 29. b4 Rxf2 30. Nd5 Rd2 31. Ne7+ Kh7 32. Qc4 Be5+ 33. Kg1 Kg7 34. Nc6 Rd1+ 35. Kf2 R8d2+ 36. Ke3 Bf6 37. h4 Rd3+ 38. Kf4 Rf1# 0-1

[Event "Natal Academia Potiguar 18th"]
[Site "Natal"]
[Date "2015.11.21"]
[Round "6.5"]
[White "De Macedo, Luiz Soares"]
[Black "Do Nascimento, Igor Oliveira"]
[Result "1/2-1/2"]
[WhiteElo "1579"]
[BlackElo "1497"]
[PlyCount "121"]
[EventDate "2015.11.13"]
[EventType "tourn"]
[EventRounds "9"]
[EventCountry "BRA"]
[SourceTitle "EXT 2022"]
[Source "ChessBase"]
[SourceDate "2021.10.06"]
[SourceVersion "1"]
[SourceVersionDate "2021.10.06"]
[SourceQuality "1"]

1. e4 e5 2. Nf3 Nc6 3. Bb5 a6 4. Ba4 Nf6 5. d3 d6 6. h3 Be7 7. 0-0 0-0 8. Nc3 Be6 9. Bxc6 bxc6 10. Ng5 Bd7 11. b3 h6 12. Nf3 Be6 13. Ne2 Nd7 14. Ng3 d5 15. Bb2 f6 16. c4 d4 17. Ne1 Bd6 18. Nc2 a5 19. Ne2 Qb8 20. f4 c5 21. f5 Bf7 22. Ng3 a4 23. b4 cxb4 24. Qg4 b3 25. Ne1 bxa2 26. Bc1 Kh7 27. Rxa2 Nc5 28. Nh5 Bxh5 29. Qxh5 Qe8 30. Qg4 Nb3 31. Nf3 g5 32. fxg6+ Qxg6 33. Qd7+ Rf7 34. Qc6 Nxc1 35. Rxc1 Ra7 36. c5 Bf8 37. Rxa4 Rxa4 38. Qxa4 Rg7 39. Rc2 Bxc5 40. Qa5 Bd6 41. Qe1 f5 42. Nh4 Qg3 43. Qf2 Qxf2+ 44. Kxf2 fxe4 45. dxe4 Rg8 46. Nf5 Kg6 47. Rc6 Rf8 48. g4 h5 49. Kg3 hxg4 50. hxg4 Kg5 51. Rc2 Rb8 52. Nh4 Rb3+ 53. Nf3+ Kf6 54. g5+ Kg7 55. Kg4 Re3 56. Nd2 Kg6 57. Rc1 Rc3 58. Rf1 Be7 59. Nf3 Rxf3 60. Rxf3 Bxg5 61. Rf8 1/2-1/2

[Event "Natal Potiguar op 11th"]
[Site "Natal"]
[Date "2015.08.08"]
[Round "3"]
[White "De Macedo, Luiz Soares"]
[Black "Gomes, Jose Murilo"]
[Result "0-1"]
[WhiteElo "1611"]
[BlackElo "1885"]
[PlyCount "86"]
[EventDate "2015.08.07"]
[EventType "swiss"]
[EventRounds "5"]
[EventCountry "BRA"]
[SourceTitle "EXT 2016"]
[Source "ChessBase"]
[SourceDate "2015.10.08"]
[SourceVersion "1"]
[SourceVersionDate "2015.10.08"]
[SourceQuality "1"]

1. e4 Nc6 2. d4 d5 3. e5 f6 4. f4 Bf5 5. Nc3 Nb4 6. Bd3 Nxd3+ 7. cxd3 fxe5 8. dxe5 e6 9. h4 Nh6 10. d4 Be7 11. g3 Bb4 12. Qa4+ Qd7 13. Qxb4 a5 14. Qb3 0-0 15. Nf3 b5 16. Qd1 Bg4 17. Qd3 Nf5 18. Nh2 b4 19. Nb1 Bh3 20. Rg1 Qe7 21. Be3 Nxh4 22. Nd2 Bf5 23. Qe2 Ng6 24. Nhf3 Bg4 25. Qh2 b3 26. a3 Qd7 27. Rh1 h5 28. Nh4 Ne7 29. Ndf3 Qb5 30. Qd2 Rad8 31. Nh2 Bf5 32. Nxf5 Nxf5 33. Bf2 Qa4 34. g4 hxg4 35. Nxg4 c5 36. Rg1 cxd4 37. 0-0-0 Rc8+ 38. Kb1 Rc2 39. Qe1 Rfc8 40. Nf6+ Kf7 41. Nh5 Rxb2+ 42. Kxb2 Rc2+ 43. Kb1 Qxa3 0-1

[Event "Natal Potiguar op 10th"]
[Site "Natal"]
[Date "2015.07.03"]
[Round "2"]
[White "Da Silva, Wagner Boas"]
[Black "De Macedo, Luiz Soares"]
[Result "0-1"]
[WhiteElo "1765"]
[BlackElo "1605"]
[PlyCount "48"]
[EventDate "2015.07.03"]
[EventType "swiss"]
[EventRounds "6"]
[EventCountry "BRA"]
[SourceTitle "CBM 167 Extra"]
[Source "ChessBase"]
[SourceDate "2015.09.14"]
[SourceVersion "1"]
[SourceVersionDate "2015.09.14"]
[SourceQuality "1"]

1. e4 e5 2. Nf3 Nc6 3. d4 exd4 4. Nxd4 Ne5 5. Nf3 Bd6 6. Bb5 c6 7. Ba4 Bc7 8. b4 Nf6 9. Bb2 Nc4 10. Qc1 Nxb2 11. Qxb2 0-0 12. Nbd2 Re8 13. Qd4 Bb6 14. Qd3 d5 15. 0-0 Bg4 16. exd5 Nxd5 17. a3 Qc7 18. Rfe1 Rad8 19. Qc4 Be6 20. Nd4 Bxd4 21. Qxd4 Nf6 22. Qe3 Ng4 23. Qh3 Nxf2 24. Rxe6 Nxh3+ 0-1

[Event "American Continental 10th"]
[Site "Praia da Pipa"]
[Date "2014.10.18"]
[Round "1"]
[White "Souza, Rafael Cabral de"]
[Black "De Macedo, Luiz Soares"]
[Result "1-0"]
[WhiteElo "2138"]
[BlackElo "1649"]
[PlyCount "51"]
[EventDate "2014.10.18"]
[EventType "swiss"]
[EventRounds "11"]
[EventCountry "BRA"]
[SourceTitle "EXT 2015"]
[Source "ChessBase"]
[SourceDate "2014.11.20"]
[SourceVersion "1"]
[SourceVersionDate "2014.11.20"]
[SourceQuality "1"]

1. e4 e5 2. Nf3 d6 3. Bc4 Be7 4. d4 Nd7 5. dxe5 dxe5 6. Qd5 Nh6 7. Bxh6 0-0 8. Be3 c6 9. Qd3 a6 10. a4 Qc7 11. Nbd2 Rd8 12. Qb3 Rf8 13. a5 Rb8 14. Ng5 Bxg5 15. Bxg5 Nc5 16. Qa3 Ne6 17. Be7 Nd4 18. 0-0-0 Re8 19. Bd6 Qd7 20. Bxb8 Qg4 21. Qg3 Ne2+ 22. Bxe2 Qxe2 23. Bxe5 g6 24. Bc3 Qb5 25. Qd6 Be6 26. Qd4 1-0

[Event "Potiguar-ch"]
[Site "Natal"]
[Date "2014.08.24"]
[Round "9"]
[White "De Macedo, Luiz Soares"]
[Black "De Carvalho, Matheus Leao"]
[Result "0-1"]
[WhiteElo "1652"]
[BlackElo "1797"]
[PlyCount "70"]
[EventDate "2014.08.15"]
[EventType "swiss"]
[EventRounds "9"]
[EventCountry "BRA"]
[SourceTitle "CBM 162 Extra"]
[Source "ChessBase"]
[SourceDate "2014.10.17"]
[SourceVersion "1"]
[SourceVersionDate "2014.10.17"]
[SourceQuality "1"]

1. d4 g6 2. c4 Bg7 3. Nc3 Nf6 4. Nf3 0-0 5. Bg5 d6 6. Rc1 Nbd7 7. e3 c5 8. d5 Re8 9. Bd3 Qb6 10. b3 e5 11. dxe6 Rxe6 12. 0-0 h6 13. Bf4 g5 14. Bg3 Nh5 15. Nxg5 Nxg3 16. Nxe6 Nxf1 17. Nxg7 Kxg7 18. Bxf1 Ne5 19. Nd5 Qd8 20. Be2 Qg5 21. f4 Qg6 22. fxe5 Bh3 23. Bf3 dxe5 24. e4 f5 25. Ne7 Qg5 26. Nxf5+ Bxf5 27. exf5 Rd8 28. Qc2 Qe3+ 29. Kf1 Rd2 30. Qxd2 Qxd2 31. Rd1 Qxa2 32. Rd7+ Kf6 33. Ke1 Kxf5 34. h4 Kf4 35. Rf7+ Ke3 0-1

[Event "Potiguar-ch"]
[Site "Natal"]
[Date "2014.08.15"]
[Round "1"]
[White "Pinto, Carlos Henrique Lop"]
[Black "De Macedo, Luiz Soares"]
[Result "1-0"]
[WhiteElo "2092"]
[BlackElo "1652"]
[PlyCount "73"]
[EventDate "2014.08.15"]
[EventType "swiss"]
[EventRounds "9"]
[EventCountry "BRA"]
[SourceTitle "CBM 162 Extra"]
[Source "ChessBase"]
[SourceDate "2014.10.17"]
[SourceVersion "1"]
[SourceVersionDate "2014.10.17"]
[SourceQuality "1"]

1. d4 d5 2. c4 c6 3. Nc3 Nf6 4. Nf3 Nbd7 5. Qc2 e6 6. Bf4 Be7 7. e3 a6 8. h3 b5 9. cxd5 cxd5 10. Bd3 h6 11. 0-0 Bb7 12. a3 Rc8 13. Rac1 Ne4 14. Bxe4 dxe4 15. Nd2 f5 16. Qb3 Rc6 17. Na2 Rxc1 18. Rxc1 Bd5 19. Qc2 0-0 20. Nc3 Ba8 21. Na2 Nf6 22. Qc7 Qe8 23. Qb6 Nd5 24. Qxe6+ Qf7 25. Qxf7+ Kxf7 26. Be5 Kg8 27. Nb3 f4 28. exf4 g5 29. fxg5 Bxg5 30. Rc2 e3 31. f3 Bh4 32. Kf1 Nf4 33. Bxf4 Rxf4 34. Rc8+ Rf8 35. Rxf8+ Kxf8 36. Nb4 a5 37. Nxa5 1-0